000 01086nam a22002897a 4500
001 9534
003 FISKH
005 20260120103214.0
008 260120b cb ||||| |||| 00| 0 eng d
020 _a9781929945559
040 _aFISKH
_beng
_cFISKH
_dFISKH
050 _aPZ7.D8694 P
082 _a741.5
100 _aDuey , Kathleen
245 _aPatch /
_cBy Kathleen Duey : Created & Photographed by Robert Gould : 3D Special Effects & Digital Illustration by Eugene Epstein
260 _aCalifornia :
_bBig Guy Books , Inc ,
_c2005 .
300 _a95 pages :
_bcolor illustrations ;
_c21 cm .
490 _aTime Soldiers
_vBook 3
505 _aR
520 _aA year after their previous trip, the Time Soldiers enter the portal again and are transported to a treasure-filled cave, where their attempt to rescue a girl from pirates gets them in big trouble.
521 8 _a700
_bLexile estimate
521 8 _aR
_bRaz-Plus
650 _aAction & Adventure
_vFiction
700 _aEpstein , Eugene
_eIllustrator
942 _2ddc
_cBK
_n0
999 _c9534
_d9534